Impact of intensive highland agriculture on the ecosystem / (Record no. 9655)

MARC details
000 -LEADER
fixed length control field 01030nam a22002651u 4500
001 - CONTROL NUMBER
control field 12332
003 - CONTROL NUMBER IDENTIFIER
control field HDC
007 - PHYSICAL DESCRIPTION FIXED FIELD--GENERAL INFORMATION
fixed length control field cr bn ---
008 - FIXED-LENGTH DATA ELEMENTS--GENERAL INFORMATION
fixed length control field 210209p2001 my eng
040 ## - CATALOGING SOURCE
Original cataloging agency HDC
100 ## - MAIN ENTRY--PERSONAL NAME
Personal name Aminuddin Yusof,
Relator term author
9 (RLIN) 12903
245 #0 - TITLE STATEMENT
Title Impact of intensive highland agriculture on the ecosystem /
Statement of responsibility, etc. by Aminuddin Yusoff, Wan Abdullah Wan Yusof, Cheah Uan Boh, Ghulam Mohamed Hashim, Zulkefli Malik and Ramsis B. Salam
260 ## - PUBLICATION, DISTRIBUTION, ETC.
Place of publication, distribution, etc. Serdang :
Name of publisher, distributor, etc. Malaysian Agricultural Research and Development Institute (MARDI),
Date of publication, distribution, etc. 2001
300 ## - PHYSICAL DESCRIPTION
Extent 1 page
336 ## - CONTENT TYPE
Content type term text
Source rdacontent
337 ## - MEDIA TYPE
Media type term computer
Source rdamedia
338 ## - CARRIER TYPE
Carrier type term online resource
Source rdacarrier
650 ## - SUBJECT ADDED ENTRY--TOPICAL TERM
Topical term or geographic name entry element Highland agriculture
9 (RLIN) 12904
650 ## - SUBJECT ADDED ENTRY--TOPICAL TERM
Topical term or geographic name entry element Water pollution
9 (RLIN) 12906
650 ## - SUBJECT ADDED ENTRY--TOPICAL TERM
Topical term or geographic name entry element Water resources
9 (RLIN) 12905
856 ## - ELECTRONIC LOCATION AND ACCESS
Public note Request full-text at [email protected]
942 ## - ADDED ENTRY ELEMENTS (KOHA)
Source of classification or shelving scheme Library of Congress Classification
942 ## - ADDED ENTRY ELEMENTS (KOHA)
Koha item type Articles
942 ## - ADDED ENTRY ELEMENTS (KOHA)
Call number prefix JART 003100
Holdings
Withdrawn status Lost status Source of classification or shelving scheme Damaged status Not for loan Home library Current library Shelving location Date acquired Total checkouts Full call number Date last seen Price effective from Koha item type
    Library of Congress Classification     Halal Development Corporation Library Halal Development Corporation Library Open Shelves 24/05/2023   JART 003100 24/05/2023 24/05/2023 Articles
Halal Development Corporation Berhad (HDC)
5.02 Level 5, KPMG Tower, First Avenue, Persiaran Bandar Utama, 47800 Petaling Jaya, Selangor Darul Ehsan
Phone: +603 7965 5489 Email: [email protected]